[Event "ACP Blitz Prelim1"]
[Site "playchess.com INT"]
[Date "2004.04.12"]
[Round "2"]
[White "Dimitrijevic,A"]
[Black "Sasikiran,K"]
[Result "1/2-1/2"]
[WhiteElo "2292"]
[BlackElo "2659"]

1.e4 c5 2.Nf3 d6 3.d4 cxd4 4.Nxd4 Nf6 5.Nc3 a6 6.Bg5 e6 7.f4 Qb6 8.Qd2 Nc6
9.Bxf6 gxf6 10.Nb3 Bd7 11.O-O-O O-O-O 12.g3 Kb8 13.Kb1 Qc7 14.Bg2 Bc8 15.Rhe1 h5
16.Qf2 h4 17.g4 Bh6 18.Na4 h3 19.Bh1 Rdg8 20.Rg1 b5 21.Nb6 Bb7 22.c4 Rd8
23.cxb5 axb5 24.a4 bxa4 25.Nxa4 e5 26.g5 Bg7 27.fxe5 Nxe5 28.gxf6 Bh6 29.Nb6 Rhg8
30.Nd5 Rxg1 31.Qxg1 Qc4 32.Qb6 Rc8 33.Qxd6+ Ka7 34.Qb6+ Kb8 35.Qxb7+ Kxb7
36.Na5+ Ka7 37.Nxc4 Nxc4 38.Nc3 Rb8 39.Rd7+ Ka6 40.Nd1 Rg8 41.Kc2 Rg1 42.Bf3 Ne5
43.Be2+ Kb6 44.Re7 Rg2 45.Nc3 Bf4 46.Nd5+ Kc5 47.Nxf4 Kd6 48.Ra7 Rxh2 49.Ra3 Rf2
50.Kd1 h2 51.Rh3 Rxf4 52.Rxh2 Rxe4 53.Kc2 Rf4 54.Bd3 Rxf6 55.b4 Rf4 56.Kc3 Nxd3
57.Kxd3 Rxb4 58.Rf2 Ke7  1/2-1/2

[Event "ACP Blitz Prelim1"]
[Site "playchess.com INT"]
[Date "2004.04.12"]
[Round "4"]
[White "Lobron,E"]
[Black "Sasikiran,K"]
[Result "0-1"]
[WhiteElo "2493"]
[BlackElo "2659"]

1.d4 Nf6 2.Nf3 d5 3.c4 dxc4 4.Nc3 a6 5.e4 b5 6.e5 Nd5 7.a4 e6 8.axb5 Bb4
9.Bd2 Nb6 10.bxa6 Rxa6 11.Rc1 Bb7 12.Be3 Nc6 13.Be2 Ne7 14.O-O O-O 15.Qc2 Nf5
16.Ne4 Qa8 17.Ng3 Nxe3 18.fxe3 Nd5 19.Kf2 c5 20.Bxc4 Rb6 21.Ng5 g6 22.Nh5 cxd4
23.exd4 Be7 24.Qd2 gxh5 25.Ne4 f5 26.exf6 Nxf6 27.Bxe6+ Rxe6  0-1

[Event "ACP Blitz Prelim1"]
[Site "playchess.com INT"]
[Date "2004.04.12"]
[Round "6"]
[White "Bartel,Mat"]
[Black "Sasikiran,K"]
[Result "0-1"]
[WhiteElo "2501"]
[BlackElo "2659"]

1.g3 d5 2.Bg2 c6 3.f4 Nf6 4.Nf3 g6 5.O-O Bg7 6.Kh1 O-O 7.c3 Nbd7 8.d4 Ne4
9.Be3 Ndf6 10.Nbd2 Bf5 11.Rc1 Qb6 12.Qb3 Qa6 13.c4 Nd6 14.Ne5 e6 15.h3 h5
16.Kh2 Rfc8 17.c5 Nde4 18.Bf3 Nxd2 19.Bxd2 Be4 20.Rf2 b6 21.cxb6 axb6 22.Nxc6 Bf8
23.a3 b5 24.Ne5 Rxc1 25.Bxc1 Rc8 26.Bd2 Qa4 27.Qxa4 bxa4 28.e3 Rc2 29.Be1 Rc1
30.Bd2 Rb1 31.Ba5 Bd6 32.Bxe4 Nxe4 33.Rc2 Bxe5 34.dxe5 Kg7 35.Kg2 g5 36.Bd8 g4
37.hxg4 hxg4 38.Bb6 Kg6 39.Bd4 Rd1 40.Bb6 Kf5 41.Bd4 Kg6 42.Bb6 Nd2 43.Rc8 Kf5
44.Rf8 Ne4 45.Rxf7+ Kg6 46.Re7 Rd2+ 47.Kg1 Nxg3 48.Rxe6+ Kf5 49.Rf6+ Ke4  0-1

[Event "ACP Blitz Prelim1"]
[Site "playchess.com INT"]
[Date "2004.04.12"]
[Round "9"]
[White "Sasikiran,K"]
[Black "Berry,J"]
[Result "1-0"]
[WhiteElo "2659"]
[BlackElo "2255"]

1.d4 g6 2.c4 Bg7 3.e4 d6 4.Nc3 Nc6 5.Be3 e5 6.d5 Nce7 7.g4 f5 8.gxf5 gxf5
9.Qh5+ Kf8 10.Bh3 Nf6 11.Qf3 f4 12.Bd2 Qe8 13.Nb5 Qd8 14.Bxc8 Qxc8 15.Qd3 a6
16.Nc3 Ng6 17.Nf3 Bh6 18.Rg1 Kf7 19.O-O-O Rg8 20.c5 Qd7 21.Kb1 Rge8 22.Qc4 Kg7
23.h4 Kh8 24.Ng5 Nxh4 25.c6 Qe7 26.cxb7 Rab8 27.Ne6 Nf3 28.Rh1 Ng4 29.Qe2 Ngh2
30.Qxa6 Rg8 31.Qc6 Rg2 32.a4 Rxf2 33.Bc1 Ng4 34.a5 Ne3 35.a6 Nxd1 36.Nxd1  1-0

[Event "ACP Blitz Prelim1"]
[Site "playchess.com INT"]
[Date "2004.04.12"]
[Round "15"]
[White "Fontaine,R"]
[Black "Sasikiran,K"]
[Result "0-1"]
[WhiteElo "2525"]
[BlackElo "2659"]

1.e4 c5 2.Nc3 e6 3.Nf3 a6 4.d4 cxd4 5.Nxd4 d6 6.Be3 Nc6 7.Bd3 Nf6 8.O-O Be7
9.h3 O-O 10.f4 Bd7 11.Qf3 Nxd4 12.Bxd4 Bc6 13.Rae1 Nd7 14.Kh1 Bf6 15.Bxf6 Qxf6
16.Qe3 Rad8 17.e5 Qe7 18.exd6 Qxd6 19.Ne4 Qb4 20.Ng5 g6 21.b3 Nc5 22.c3 Qxc3
23.Bxg6 Qxe3 24.Bxh7+ Kg7 25.Rxe3 f6 26.Bc2 fxg5 27.Rg3 Rd2 28.Rxg5+ Kf6
29.Bh7 Ne4 30.Bxe4 Bxe4 31.Kh2 Rxa2 32.Re1 Bd5 33.h4 Rh8 34.h5 a5 35.Kh3 Rb2
36.g4 Rxb3+ 37.Kh4 a4 38.Rge5 Rb4 39.f5 Rg8 40.fxe6 Rbxg4+ 41.Kh3 Bg2+ 42.Kh2 Rh4+
43.Kg1 Be4+  0-1

[Event "6th Open"]
[Site "Dubai UAE"]
[Date "2004.04.20"]
[Round "2"]
[White "Sasikiran,K"]
[Black "El Taher,F"]
[Result "1-0"]
[WhiteElo "2659"]
[BlackElo "2501"]

1.d4 Nf6 2.Nf3 d6 3.c4 g6 4.Nc3 Bg7 5.e4 O-O 6.Be2 c5 7.d5 e6 8.O-O Re8 9.Qc2 Na6
10.a3 Nc7 11.Bg5 h6 12.Bh4 exd5 13.cxd5 b6 14.Nd2 Ba6 15.Bxa6 Nxa6 16.f4 Qd7
17.e5 Ng4 18.Rae1 g5 19.fxg5 hxg5 20.Bxg5 Bxe5 21.Nf3 Bg7 22.Ne4 Nc7 23.h3 f5
24.Ng3 Nf6 25.Bxf6 Bxf6 26.Rd1 Rf8 27.Nxf5 Rae8 28.Nh2 Bg5 29.Ng4 Qh7 30.Rf2  1-0

[Event "6th Open"]
[Site "Dubai UAE"]
[Date "2004.04.25"]
[Round "7"]
[White "Sasikiran,K"]
[Black "Minasian,Art"]
[Result "1/2-1/2"]
[WhiteElo "2659"]
[BlackElo "2585"]

1.d4 g6 2.Nf3 Bg7 3.c3 Nf6 4.Bg5 b6 5.Nbd2 Bb7 6.e3 d6 7.a4 a6 8.Bd3 O-O
9.O-O Nbd7 10.e4 h6 11.Bh4 e5 12.Re1 Re8 13.Qc2 c6 14.dxe5 dxe5 15.b4 Qc7
16.Bf1 a5 17.Qb3 Ba6 18.bxa5 bxa5 19.Bxa6 Rxa6 20.Bxf6 Bxf6 21.Qc2 Raa8 22.Nc4 Nc5
23.g3 Red8 24.Rad1 Kg7 25.Kg2 Rab8 26.Rxd8 Rxd8 27.Re2 h5 28.Rd2 Rxd2 29.Nfxd2 h4
30.Nf3 hxg3 31.hxg3 Kg8 32.Nh2 Bg7 33.Nf3 Bf6 34.Nfd2 Bg5 35.Nb3 Nxa4 36.Nbxa5 Nc5
37.Nb3 Be7 38.Nxc5 Bxc5 39.Qa4 Kg7 40.Qa5 Qe7 41.Nd2 Ba7 42.Nf3 Bc5 43.Kf1 Bd6
44.Qa6 Qd7 45.Kg2 Bc7 46.Qb7 Qd6 47.Nh2 Ba5 48.c4 Qc5 49.Qb3  1/2-1/2

[Event "6th Open"]
[Site "Dubai UAE"]
[Date "2004.04.27"]
[Round "8"]
[White "Eljanov,P"]
[Black "Sasikiran,K"]
[Result "1/2-1/2"]
[WhiteElo "2592"]
[BlackElo "2659"]

1.Nf3 Nf6 2.c4 b6 3.d4 e6 4.a3 Ba6 5.e3 d5 6.b3 c5 7.Bb2 cxd4 8.exd4 g6 9.Nbd2 Bg7
10.Be2 O-O 11.O-O Nc6 12.Rc1 Rc8 13.c5 Bxe2 14.Qxe2 Nd7 15.cxb6 Qxb6 16.Qd3 a5
17.Rc2 Rc7 18.Qe3 Rfc8 19.Rfc1 Nf6 20.h3 Ne8 21.Qf4 h6 22.Ne5 Nxe5 23.Rxc7 Rxc7
24.Rxc7 Qxc7 25.dxe5 Qc2 26.Qd4 Nd6 27.Qc3 Qd1+ 28.Kh2 Qe2 29.Qe3 Qa6 30.g4 a4
31.b4 Nb5 32.Nf3 Qc6 33.Nd4 Qc4 34.Nxb5 Qxb5 35.Kg2 Bf8 36.Bd4 Qc4  1/2-1/2

[Event "3rd ACP Blitz Prelim3"]
[Site "playchess.com INT"]
[Date "2004.06.02"]
[Round "6"]
[White "Sasikiran,K"]
[Black "Macieja,B"]
[Result "1-0"]
[WhiteElo "2659"]
[BlackElo "2633"]

1.Nf3 c5 2.c4 Nf6 3.Nc3 Nc6 4.g3 g6 5.Bg2 Bg7 6.O-O O-O 7.d4 cxd4 8.Nxd4 Nxd4
9.Qxd4 d6 10.Qd3 a6 11.Bf4 Bf5 12.e4 Be6 13.Rac1 Qa5 14.Bd2 Qh5 15.Nd5 Bxd5
16.cxd5 Rac8 17.f4 Nd7 18.b4 h6 19.Be3 g5 20.b5 Nb8 21.b6 gxf4 22.gxf4 Nd7
23.Kh1 f5 24.exf5 Nf6 25.Bf3 Ng4 26.Qe2 Rxc1 27.Bxc1 Qxf5 28.Bxg4 Qxd5+ 29.Bf3 Qc5
30.Be3 Qa3 31.Rg1 Kh8 32.Bxb7  1-0

[Event "3rd ACP Blitz Prelim3"]
[Site "playchess.com INT"]
[Date "2004.06.02"]
[Round "7"]
[White "Fontaine,R"]
[Black "Sasikiran,K"]
[Result "1/2-1/2"]
[WhiteElo "2525"]
[BlackElo "2659"]

1.e4 e5 2.Nf3 Nc6 3.Bb5 a6 4.Ba4 Nf6 5.O-O Be7 6.Re1 b5 7.Bb3 d6 8.h3 Na5
9.d3 O-O 10.Nc3 Bb7 11.Bg5 c6 12.Ne2 Nh5 13.Bxe7 Qxe7 14.Qd2 Nxb3 15.axb3 c5
16.Kh2 f5 17.Ng3 Nxg3 18.fxg3 Rf6 19.b4 c4 20.dxc4 bxc4 21.exf5 Rxf5 22.Nd4 Rf6
23.b5 axb5 24.Rxa8+ Bxa8 25.Nxb5 h6 26.Qc3 Qf7 27.Rg1 Qd5 28.Nc7 Qc6 29.Nxa8 Qxa8
30.Qxc4+ d5 31.Qc7 e4 32.Qe5 Qc6 33.c3 Re6 34.Qd4 e3 35.Re1 Re4 36.Qd3 Qe6
37.Re2 h5 38.b4 Qe5 39.b5 h4 40.b6 hxg3+ 41.Kg1 Ra4 42.Re1 Ra2 43.Qb1 Ra8
44.b7 Rb8 45.Qb6 Qxc3 46.Qxe3 Qxe3+ 47.Rxe3 Rxb7 48.Rxg3 Rd7 49.Kf2 Re7 50.Rg5 Rd7
51.Ke3 Kf7 52.Kd4 Ra7 53.Rxd5 Ra2 54.Rg5 Kf6 55.Rg3 g5 56.Ke4 Ra4+ 57.Kf3 Kf5
58.Kf2 Ra2+ 59.Kg1 Ra1+ 60.Kh2 Ra2 61.Rf3+ Kg6 62.Kg3 Rb2 63.Ra3 Rb4 64.Re3 Rb2
65.Kf3 Rb4 66.Re4 Rb2 67.g3 Rb1 68.Kg4 Rb6 69.Ra4 Rc6 70.Rb4 Rd6 71.Rb5 Rd4+
72.Kf3 Rd3+ 73.Kf2 Rd2+ 74.Ke3 Rd6 75.Ra5 Rb6 76.Kf3 Rb3+ 77.Kf2 Rb2+ 78.Kf3 Rb3+
79.Kg4 Rb4+ 80.Kf3 Rb3+  1/2-1/2

[Event "3rd ACP Blitz Prelim3"]
[Site "playchess.com INT"]
[Date "2004.06.02"]
[Round "13"]
[White "Sasikiran,K"]
[Black "Vasilevich,T"]
[Result "1-0"]
[WhiteElo "2659"]
[BlackElo "2386"]

1.Nf3 d5 2.d4 Nf6 3.c4 e6 4.Nc3 Bb4 5.Bg5 Nbd7 6.e3 O-O 7.cxd5 exd5 8.Bd3 c5
9.O-O Qa5 10.Rc1 c4 11.Bb1 Re8 12.Bxf6 Nxf6 13.Ne5 Bd6 14.f4 b5 15.a3 Qb6
16.Qf3 Bb7 17.g4 Rad8 18.g5 Ne4 19.Nxe4 dxe4 20.Bxe4 Bxe4 21.Qxe4 Bxe5 22.fxe5 Qe6
23.Rf4 Re7 24.Kg2 Qd5 25.Qxd5 Rxd5 26.Kf3 a5 27.a4 Rb7 28.axb5 Rdxb5 29.Rxc4 g6
30.h4 Rxb2 31.Rf6 R2b4 32.Rc8+ Kg7 33.Ra6 Rb8 34.Rxb8 Rxb8 35.Rxa5 Rb1 36.Ra7 Kg8
37.d5 Rd1 38.e4 Kf8 39.e6 fxe6 40.dxe6 Rd6 41.Rf7+ Ke8 42.Rxh7 Rxe6 43.Kf4 Ra6
44.Ke5 Rb6 45.Kf4 Ra6 46.Rh6 Kf7 47.h5 Ra1 48.Rxg6 Rh1 49.Rf6+ Kg7 50.h6+ Kh7
51.Rf7+ Kg8 52.Ra7 Rf1+ 53.Kg4 Rg1+ 54.Kf5 Rf1+ 55.Kg6 Rf8 56.Kh5 Re8 57.g6 Re5+
58.Kg4 Rxe4+ 59.Kf5 Re8 60.Ra6 Rf8+ 61.Rf6 Re8 62.g7  1-0

[Event "3rd ACP Blitz Prelim3"]
[Site "playchess.com INT"]
[Date "2004.06.02"]
[Round "15"]
[White "Bauer,Ch"]
[Black "Sasikiran,K"]
[Result "1-0"]
[WhiteElo "2595"]
[BlackElo "2659"]

1.d4 Nf6 2.Nf3 e6 3.g3 b6 4.Bg2 Bb7 5.c4 Bb4+ 6.Bd2 Be7 7.O-O c5 8.d5 exd5
9.Nh4 g6 10.Nc3 Qc8 11.cxd5 d6 12.e4 O-O 13.Re1 Nbd7 14.f4 Ne8 15.Nf3 c4
16.Bh3 a6 17.Be3 b5 18.a3 Qc7 19.b4 cxb3 20.Qxb3 Nc5 21.Qd1 Rd8 22.Bd4 Bc8
23.Bg2 Bg4 24.h3 Bxf3 25.Bxf3 Ng7 26.Kg2 Nd7 27.Rc1 Qb8 28.Na2 a5 29.Qd3 Bf6
30.Bxf6 Nxf6 31.Rc6 Nd7 32.Rb1 Qa7 33.Nc3 Nc5 34.Qd4 Qe7 35.e5 Nb7 36.Rxb5 Nf5
37.Qb6 Rd7 38.e6 Nd8 39.exd7 Nxc6 40.dxc6  1-0

[Event "3rd ACP Blitz Prelim3"]
[Site "playchess.com INT"]
[Date "2004.06.02"]
[Round "16"]
[White "Sasikiran,K"]
[Black "Grabuzova,T"]
[Result "1-0"]
[WhiteElo "2659"]
[BlackElo "2348"]

1.d4 d5 2.c4 dxc4 3.Nf3 Nf6 4.e3 g6 5.Bxc4 Bg7 6.O-O O-O 7.Nc3 Ne8 8.h3 Nd6
9.Bd3 Nd7 10.e4 e5 11.Bg5 f6 12.Bh4 exd4 13.Nxd4 Ne5 14.Bc2 c5 15.Bb3+ c4
16.Bc2 Qb6 17.b3 Rd8 18.Nd5 Qc5 19.b4  1-0

[Event "3rd ACP Blitz Prelim3"]
[Site "playchess.com INT"]
[Date "2004.06.02"]
[Round "18"]
[White "Sasikiran,K"]
[Black "Fontaine,R"]
[Result "1-0"]
[WhiteElo "2659"]
[BlackElo "2525"]

1.Nf3 d5 2.d4 Nf6 3.c4 c6 4.Nc3 a6 5.c5 Nbd7 6.Bf4 Nh5 7.e3 Nxf4 8.exf4 g6
9.Bd3 Qc7 10.Qd2 Bh6 11.g3 f6 12.Qe2 e5 13.fxe5 fxe5 14.Nxe5 O-O 15.f4 Nxe5
16.dxe5 Qa5 17.Qf2 Bh3 18.O-O-O Rae8 19.Qd4 Rf7 20.Kb1 Bf8 21.b4 Qa3 22.Rd2 a5
23.Rb2 axb4 24.Rxb4 b6 25.Rb3 Bxc5 26.Qa4 Qxa4 27.Nxa4 Bd4 28.Nxb6 Rb7 29.Na4  1-0

[Event "3rd ACP Blitz Prelim3"]
[Site "playchess.com INT"]
[Date "2004.06.02"]
[Round "19"]
[White "Lputian,S"]
[Black "Sasikiran,K"]
[Result "1-0"]
[WhiteElo "2634"]
[BlackElo "2659"]

1.d4 Nf6 2.c4 g6 3.Nc3 Bg7 4.e4 d6 5.Nf3 O-O 6.Be2 e5 7.O-O Nc6 8.d5 Ne7
9.Ne1 Nd7 10.Nd3 f5 11.exf5 gxf5 12.f4 Ng6 13.Kh1 c5 14.dxc6 bxc6 15.Be3 e4
16.Nb4 Nb8 17.Nxc6 Nxc6 18.Qd5+ Rf7 19.Qxc6 Rb8 20.Nb5 d5 21.Rad1 Bb7 22.Qd6 a6
23.Qxd8+ Rxd8 24.Nd4 Rc8 25.c5 Rxc5 26.Nxf5 Rc2 27.Bg4 Bf8 28.Bd4 Bc8 29.Ne3 Bxg4
30.Nxg4 Rxf4 31.Nf6+ Kf7 32.Nxd5 Rxf1+ 33.Rxf1+ Ke6 34.Ne3 Rd2 35.Bc3 Rd3
36.Re1 Bc5 37.Nf1 Kd5 38.h3 Nh4 39.Nd2 e3 40.Nf3 Nxf3 41.gxf3 Bd4 42.Kg2 Bxc3
43.bxc3 Rxc3 44.Kg3 Ke5 45.Re2 Ra3 46.h4 h5 47.Rb2 Rd3 48.Rb8 Ra3 49.Re8+ Kd5
50.Kf4 Rxa2 51.Rxe3 Ra4+ 52.Kg5 a5 53.f4 Ra1 54.f5 a4 55.f6 Rg1+ 56.Kxh5 Rf1
57.Kg6 Rg1+ 58.Kh7 Rf1 59.Kg7 Kd4 60.Ra3 Ke5 61.Rxa4 Rg1+ 62.Kf7 Rf1 63.Ra5+ Kd6
64.Kg7 Rg1+ 65.Rg5 Rf1 66.h5 Ke6 67.h6 Rxf6 68.Rg6 Rxg6+ 69.Kxg6  1-0

[Event "3rd ACP Blitz Prelim3"]
[Site "playchess.com INT"]
[Date "2004.06.02"]
[Round "22"]
[White "Sasikiran,K"]
[Black "Paehtz,E"]
[Result "1-0"]
[WhiteElo "2659"]
[BlackElo "2385"]

1.d4 d5 2.c4 c6 3.Nc3 Nf6 4.Nf3 a6 5.e3 b5 6.b3 Bg4 7.Be2 Nbd7 8.h3 Bxf3
9.Bxf3 e6 10.O-O Be7 11.Bb2 O-O 12.Qc2 bxc4 13.bxc4 Nb6 14.Be2 Qc7 15.c5 Nbd7
16.f4 Ne8 17.Bc1 f5 18.Bd2 Nef6 19.Rab1 h6 20.Rb3 Rfb8 21.Rxb8+ Qxb8 22.Rb1 Qc8
23.Na4 Qc7 24.Nb6 Rb8 25.Ba5 Qa7 26.Qa4 Nxc5 27.Qxc6 Qb7 28.Qxb7 Nxb7 29.Na4 Bd6
30.Be1 g5 31.g3 Ne4 32.Bxa6 Ra8 33.Bb5 Na5 34.Nb6 Ra7 35.Nc8 Ra8 36.Bd7 Kf7
37.a4 Nc4 38.Rb3 Rxa4 39.Bxa4  1-0

[Event "HZ Open"]
[Site "Vlissingen NED"]
[Date "2004.08.08"]
[Round "2"]
[White "Sasikiran,K"]
[Black "Stange,S"]
[Result "1-0"]
[WhiteElo "2666"]
[BlackElo "2135"]

1.d4 Nf6 2.c4 e6 3.Nc3 Bb4 4.Qc2 O-O 5.a3 Bxc3+ 6.Qxc3 d6 7.f3 Qe7 8.e4 e5
9.Be3 Nbd7 10.Ne2 Re8 11.d5 a5 12.b3 Nc5 13.Nc1 b6 14.g3 Nh5 15.b4 Nd7 16.Be2 g6
17.Nb3 axb4 18.axb4 Rxa1+ 19.Qxa1 f5 20.Nd2 Ndf6 21.Bg5 Qg7 22.Qc1 h6 23.Be3 Rf8
24.c5 bxc5 25.bxc5 fxe4 26.Nxe4 Nxe4 27.Bxh6 Qf7 28.Bxf8 Nxc5 29.Bh6 Bb7
30.O-O Bxd5 31.f4 Qe6 32.f5 gxf5 33.Qg5+ Kh7 34.Bf8  1-0

[Event "HZ Open"]
[Site "Vlissingen NED"]
[Date "2004.08.08"]
[Round "3"]
[White "De Waal,M"]
[Black "Sasikiran,K"]
[Result "0-1"]
[WhiteElo "2269"]
[BlackElo "2666"]

1.d4 Nf6 2.Nf3 g6 3.c4 Bg7 4.Nc3 d5 5.Bf4 dxc4 6.e3 O-O 7.Bxc4 c5 8.O-O cxd4
9.Nxd4 a6 10.Rc1 Nbd7 11.Nb3 b5 12.Be2 Bb7 13.Bf3 Qb6 14.Bxb7 Qxb7 15.Na5 Qb6
16.b4 Qe6 17.a4 bxa4 18.Qxa4 Rfc8 19.Rfd1 Nb6 20.Qa3 Nfd5 21.Nxd5 Nxd5 22.Rc5 Nxf4
23.exf4 Bd4 24.Rxc8+ Rxc8 25.Qd3 Qb6 26.Qd2 Bf6 27.g3 e6 28.Qd6 Qb5 29.Qd7 Rc2
30.Nb7 Rc1 31.Qxb5 Rxd1+ 32.Qf1 Rxf1+ 33.Kxf1 Be7 34.Nc5 Bxc5 35.bxc5 Kf8
36.Ke2 Ke7 37.Kd3 Kd7 38.Kc4 f5 39.Kb4 Kc6 40.Kc4 a5 41.h3 h6 42.h4 h5  0-1

[Event "HZ Open"]
[Site "Vlissingen NED"]
[Date "2004.08.10"]
[Round "5"]
[White "Jonkman,H"]
[Black "Sasikiran,K"]
[Result "0-1"]
[WhiteElo "2425"]
[BlackElo "2666"]

1.e4 e5 2.Nf3 Nc6 3.Bc4 Bc5 4.c3 Bb6 5.d3 Nf6 6.O-O d6 7.Bb3 Ne7 8.Nbd2 c6
9.h3 Ng6 10.Re1 O-O 11.Nf1 Be6 12.Ng3 Re8 13.Bxe6 fxe6 14.Qb3 h6 15.Be3 Nd7
16.Rad1 d5 17.Bxb6 axb6 18.d4 b5 19.Qc2 Qf6 20.a3 exd4 21.Nh5 Qf7 22.cxd4 Rf8
23.Re3 Nb6 24.Rde1 Nc4 25.R3e2 Rae8 26.a4 bxa4 27.Qxa4 dxe4 28.Ng5 Nxb2 29.Rxb2 hxg5
30.Rxe4 e5 31.Qd1 Rd8 32.Qg4 exd4 33.Qxg5 Rd5 34.Qg4 Ne5 35.Qd1 Nc4 36.Rc2 Rxh5
37.Rxc4 Qxf2+ 38.Kh2 Rg5 39.Rg4 Rxg4 40.Qxg4 Rd8 41.Rb4 b5 42.Qe6+ Qf7 43.Qxc6 d3
44.Rb1 d2 45.Qc2 Qf4+ 46.Kh1 Re8 47.Qc3 b4 48.Qb3+ Kh8 49.Rg1 Re1 50.Qd5 d1=Q  0-1

[Event "It"]
[Site "Pune IND"]
[Date "2004.09.06"]
[Round "4"]
[White "Kunte,A"]
[Black "Sasikiran,K"]
[Result "0-1"]
[WhiteElo "2532"]
[BlackElo "2666"]

1.d4 Nf6 2.c4 g6 3.Nf3 Bg7 4.g3 c6 5.Bg2 O-O 6.O-O d5 7.Nbd2 a5 8.e3 Bf5
9.Ne5 Qc8 10.b3 Na6 11.Bb2 Bh3 12.Rc1 Bxg2 13.Kxg2 Qe6 14.a4 Nb4 15.Qe2 Ne4
16.Ndf3 Rac8 17.Nd3 c5 18.Nf4 Qa6 19.dxc5 Bxb2 20.Qxb2 Nxc5 21.Qb1 dxc4 22.Rxc4 b6
23.h4 Qb7 24.e4 f5 25.Ng5 e5 26.Nfe6 Nxe6 27.Nxe6 Rxc4 28.bxc4 Re8 29.Ng5 h6
30.Nf3 fxe4 31.Nh2 Kg7 32.Kg1 Qc6 33.Ng4 h5 34.Ne3 Rd8 35.Qa1 Qc5 36.Qb1 Rd3
37.Re1 Qd4 38.Nf1 Rf3 39.Re2 Nd3 40.Qc2 Nxf2  0-1

[Event "It"]
[Site "Pune IND"]
[Date "2004.09.09"]
[Round "6"]
[White "Sasikiran,K"]
[Black "Beliavsky,A"]
[Result "0-1"]
[WhiteElo "2666"]
[BlackElo "2679"]

1.d4 Nf6 2.c4 e6 3.Nc3 Bb4 4.Qc2 O-O 5.a3 Bxc3+ 6.Qxc3 b6 7.Bg5 Bb7 8.e3 d6
9.Ne2 Nbd7 10.Qd3 Ba6 11.b4 d5 12.b5 dxc4 13.Qxc4 Bb7 14.Rc1 Rc8 15.Qa4 e5
16.Qxa7 Bd5 17.Qa4 Re8 18.Nc3 Bb7 19.Rd1 Qe7 20.Qb4 Qe6 21.d5 Nxd5 22.Nxd5 Bxd5
23.Qd2 c6 24.e4 Bb3 25.Qxd7 Bxd1 26.Qxe6 Rxe6 27.Kxd1 Rd6+ 28.Kc1 cxb5+ 29.Kb2 Rd1
30.g3 Ra8 31.Bg2 Rd3 32.Rc1 Rdxa3 33.Be3 Ra2+ 34.Kb3 Ra1 35.Rc7 h6 36.Bc1 Rb1+
37.Bb2 Rd8 38.Bh3 Rd2 39.Rc8+ Kh7 40.Rc2 Rxc2 41.Kxc2 Rh1 42.Bxe5 Rxh2 43.Bd7 Rxf2+
44.Kc3 f6 45.Bc7 h5 46.Bxb5 Kh6 47.Bd3 Rg2 48.Kd4 g5 49.Ke3 h4 50.gxh4 gxh4
51.Kf3 Rb2 52.Bf4+ Kg7 53.Bf1 Rb1 54.Bh3 b5 55.e5 b4 56.Bf5 Rf1+ 57.Kg4 h3
58.e6 b3 59.Be4 b2 60.Bh6+ Kxh6 61.e7 b1=Q 62.e8=Q Qd1+ 63.Kxh3 Qh5+ 64.Qxh5+ Kxh5  0-1

[Event "Gibraltar Masters"]
[Site "Caleta ENG"]
[Date "2005.01.27"]
[Round "3"]
[White "Sasikiran,K"]
[Black "Gormally,D"]
[Result "1/2-1/2"]
[WhiteElo "2657"]
[BlackElo "2472"]

1.d4 Nf6 2.c4 e6 3.Nc3 Bb4 4.Qc2 O-O 5.a3 Bxc3+ 6.Qxc3 b5 7.cxb5 c6 8.Bg5 cxb5
9.e3 Bb7 10.Nf3 h6 11.Bh4 g5 12.Bg3 Ne4 13.Qc2 Na6 14.Nd2 f5 15.f3 Rc8 16.Qd3 Qa5
17.Rd1 Nxd2 18.Qxd2 Qxd2+ 19.Kxd2 f4 20.Bf2 Nc7 21.e4 g4 22.Bd3 gxf3 23.gxf3 Kf7
24.Rhg1 Rg8 25.Rxg8 Rxg8 26.Rg1 Rxg1 27.Bxg1 Bc6 28.Kc3 a5 29.Bf2 d6 30.Bh4 b4+
31.axb4 a4 32.Bd8 Nb5+ 33.Kc4 a3 34.bxa3 Nxa3+ 35.Kb3 Nb5 36.Bb6 Bd7 37.Bf1 d5
38.Bh3 Bc6 39.e5 Bd7 40.Bf1 Kg6 41.Bc5 Kg5 42.Kc2 Na3+ 43.Kd2 Nb5 44.Ke1 Nc3
45.Kf2 Bb5 46.Bh3 Bd7 47.Ke1 Nb5 48.Bf1 Nc3 49.Be7+ Kh5 50.Bd3 Nb5 51.Bc5 Nc3
52.Kf2 Bb5 53.Bc2 Be8 54.Bh7 Bd7 55.Kg2 Kg5 56.Bf8 Nb5 57.Be7+ Kh5 58.Bc5 Nc3
59.h4 Kxh4 60.Bg6 Kg5 61.Bf7 Nb5 62.Kh3 h5 63.Bb6 Nc3 64.Bd8+ Kh6 65.Kh4 Ne2
66.Bxh5 Nxd4 67.Bg5+ Kg7 68.Bxf4 Bb5 69.Bg4 Kg6 70.Bd2 Nf5+ 71.Kh3 Bf1+ 72.Kh2 Bb5
73.Kg2 Kf7 74.f4 Ke7 75.Bd1 Nd4 76.Be3 Nf5 77.Bc5+ Kd7 78.Kf3 d4 79.Ke4 Bc6+
80.Kd3 Bb5+ 81.Kd2 Ne3 82.Bb3 Nf1+ 83.Ke1 Ne3 84.Kf2 Nf5 85.Bc2 Kc6 86.Be4+ Kd7
87.Ke1 Ba6 88.Kd2 Bb5 89.Bd3 Bc6 90.b5 Bd5 91.Kc1 Nh4 92.Kd2 Nf5 93.Ke1 Nh4
94.Kf2 Nf5 95.Be2 Kc7 96.Bf3 Bxf3 97.Kxf3 d3 98.Kf2 Ng3 99.Be3 Ne4+ 100.Kf3 Nc3
101.b6+ Kc6 102.f5  1/2-1/2

[Event "Dos Hermanas Internet KO"]
[Site "ICC INT"]
[Date "2005.03.26"]
[Round "1.2"]
[White "Sasikiran,K"]
[Black "Feletar,D"]
[Result "1-0"]
[WhiteElo "2657"]
[BlackElo "2392"]

1.d4 d5 2.c4 e6 3.Nc3 c6 4.e3 Nd7 5.b3 Ngf6 6.Bb2 Bd6 7.Nf3 O-O 8.Be2 b6
9.O-O Bb7 10.Qc2 Rc8 11.Rad1 Qe7 12.Bd3 c5 13.cxd5 exd5 14.Qb1 Rfd8 15.Bf5 a6
16.Rfe1 g6 17.Bh3 c4 18.bxc4 Rxc4 19.Re2 b5 20.Rc2 Rdc8 21.Rdc1 R8c7 22.g3 Nb6
23.Nd2 R4c6 24.Bg2 Qe6 25.Ne2 Rxc2 26.Rxc2 Qc8 27.Rxc7 Qxc7 28.Nb3 Nc4 29.Bc1 a5
30.Qc2 a4 31.Nc5 Bc6 32.a3 h5 33.Nf4 Qa5 34.Nfd3 Kg7 35.Nb4 Ba8 36.f3 Qb6
37.Nbd3 Qa5 38.Kf2 Qc7 39.Qc3 Bc6 40.Nf4 Qd8 41.h3 Bc7 42.Ne2 Ba5 43.Qc2 Qd6
44.e4 Qe7 45.e5 Nd7 46.Nxd7 Bxd7 47.Nf4 Be6 48.Nxe6+ fxe6 49.Qd3 Bb6 50.f4 Qf8
51.Ke2 Bd8 52.g4 hxg4 53.hxg4 Qh8 54.f5 gxf5 55.gxf5 Qh5+ 56.Qf3 Qxf5 57.Qxf5 exf5
58.Bxd5 Be7 59.Bxc4 bxc4 60.d5 Bc5 61.Kf3 Kg6 62.Kf4 Bd4 63.d6 c3 64.e6 Kf6
65.e7 Kf7 66.Kxf5 Bf2 67.Ke5 Be1 68.Kd5 Bd2 69.Kc6 Bxc1 70.Kd7 Bg5 71.e8=Q+  1-0

[Event "Dos Hermanas Internet KO"]
[Site "ICC INT"]
[Date "2005.03.26"]
[Round "2.2"]
[White "Sasikiran,K"]
[Black "Nogueiras,J"]
[Result "1-0"]
[WhiteElo "2657"]
[BlackElo "2545"]

1.d4 d5 2.c4 c6 3.Nc3 Nf6 4.Nf3 dxc4 5.a4 Bf5 6.Ne5 Nbd7 7.Nxc4 Qc7 8.g3 e5
9.dxe5 Nxe5 10.Bf4 Nfd7 11.Bg2 f6 12.O-O Rd8 13.Ne3 Bg6 14.Be4 Nc5 15.Bxg6+ hxg6
16.Qc2 Qf7 17.Bxe5 fxe5 18.Rfd1 Rd4 19.Nf1 Qf5 20.Rac1 Be7 21.e3 Rxd1 22.Qxd1 O-O
23.Rc2 e4 24.Qd4 a5 25.Qc4+ Kh7 26.Rd2 Bf6 27.Nd1 Be7 28.Re2 Nd3 29.Nd2 Nc5
30.Nc3 b5 31.axb5 cxb5 32.Nxb5 Nd3 33.Nd4 Qh5 34.Nxe4 Ne5 35.Qe6 Ng4 36.f3 Ne5
37.Qxe7 Nxf3+ 38.Nxf3 Qxf3 39.Ng5+ Kh6 40.Nxf3  1-0

[Event "Dos Hermanas Internet KO"]
[Site "ICC INT"]
[Date "2005.03.27"]
[Round "3.3"]
[White "Bu Xiangzhi"]
[Black "Sasikiran,K"]
[Result "1-0"]
[WhiteElo "2607"]
[BlackElo "2657"]

1.d4 Nf6 2.c4 g6 3.Nc3 d5 4.cxd5 Nxd5 5.Na4 e5 6.dxe5 Nc6 7.a3 Nxe5 8.e4 Nb6
9.Qxd8+ Kxd8 10.Bg5+ Be7 11.O-O-O+ Ke8 12.Bf4 Bd6 13.Nxb6 axb6 14.Kc2 Bd7
15.Bxe5 Bxe5 16.Nf3 Bf6 17.Bc4 Ba4+ 18.Bb3 Bc6 19.Bd5 Ke7 20.e5 Bg7 21.Bxc6 bxc6
22.Nd4 c5 23.Nc6+ Ke6 24.f4 Ra4 25.g3 b5 26.Rhe1 Rha8 27.Nd8+ Ke7 28.e6 f5
29.Rd7+  1-0

[Event "13th Sigeman & Co"]
[Site "Copenhagen/Malmoe DEN"]
[Date "2005.04.15"]
[Round "1"]
[White "Hermansson,E"]
[Black "Sasikiran,K"]
[Result "0-1"]
[WhiteElo "2432"]
[BlackElo "2642"]

1.e4 e5 2.Nf3 Nc6 3.Bb5 a6 4.Ba4 Nf6 5.O-O Be7 6.Re1 b5 7.Bb3 d6 8.c3 O-O
9.h3 Nb8 10.d4 Nbd7 11.Nbd2 Bb7 12.Bc2 Re8 13.Nf1 Bf8 14.Ng3 g6 15.b3 c6
16.Bg5 Bg7 17.Qd2 Qe7 18.Nh2 Qf8 19.Ng4 Nxg4 20.hxg4 d5 21.Be3 Rad8 22.Rad1 Qd6
23.g5 Qc7 24.Bb1 Nf8 25.Qe2 Bc8 26.Qf3 Ne6 27.Ne2 Bb7 28.Qg4 c5 29.exd5 Bxd5
30.Qg3 exd4 31.Qxc7 Nxc7 32.cxd4 c4 33.bxc4 Bxc4 34.Rc1 Ne6 35.a4 Nxd4 36.Nxd4 Bxd4
37.axb5 axb5 38.Bxd4 Rxe1+ 39.Rxe1 Rxd4 40.Re8+ Kg7 41.Be4 Rd1+ 42.Kh2 Rd6
43.Rb8 Re6 44.Ba8 h6 45.gxh6+ Kxh6 46.Kg3 Kg7 47.f4 Kf6 48.Kg4 Ra6 49.Be4 Ra3
50.Bc6 Rb3 51.Rb6 Ke7 52.Kg5 b4 53.Rb7+ Kd6 54.Be8 Rg3+ 55.Kf6 b3 56.Bxf7 Bxf7
57.Kxf7 Kc5 58.Kf6 Kc4 59.Rc7+ Kd4 60.Rb7 Kc3 61.Rc7+ Kd3 62.Rb7 Kc2 63.Rc7+ Kb1
64.Rg7 b2 65.f5 Kc2 66.Rc7+ Rc3 67.Rxc3+ Kxc3 68.Kxg6 b1=Q 69.g4 Kd4 70.Kg7 Ke5
71.f6 Qb7+ 72.Kg6 Ke6 73.g5 Qf7+ 74.Kh6 Kf5  0-1

[Event "13th Sigeman & Co"]
[Site "Copenhagen/Malmoe DEN"]
[Date "2005.04.16"]
[Round "2"]
[White "Sasikiran,K"]
[Black "Palo,D"]
[Result "1/2-1/2"]
[WhiteElo "2642"]
[BlackElo "2525"]

1.d4 Nf6 2.c4 e6 3.Nc3 Bb4 4.Bg5 c5 5.d5 d6 6.e3 exd5 7.cxd5 Nbd7 8.Bb5 Qa5
9.Bxd7+ Nxd7 10.Ne2 Ne5 11.O-O Bxc3 12.Nxc3 f6 13.Bf4 O-O 14.Ne4 Qd8 15.f3 Qe7
16.Qd2 b6 17.Bxe5 fxe5 18.b4 Bf5 19.Ng3 Bg6 20.bxc5 bxc5 21.e4 Rfb8 22.Rfb1 Qd8
23.Nf1 Rb6 24.Ne3  1/2-1/2

[Event "13th Sigeman & Co"]
[Site "Copenhagen/Malmoe DEN"]
[Date "2005.04.17"]
[Round "3"]
[White "Iordachescu,V"]
[Black "Sasikiran,K"]
[Result "1/2-1/2"]
[WhiteElo "2609"]
[BlackElo "2642"]

1.e4 e5 2.Nf3 Nc6 3.Bb5 a6 4.Ba4 Nf6 5.O-O Be7 6.Re1 b5 7.Bb3 d6 8.c3 O-O
9.h3 Nb8 10.d4 Nbd7 11.Nbd2 Bb7 12.Bc2 Re8 13.Nf1 Bf8 14.Ng3 g6 15.a4 Bg7
16.Bd3 c6 17.Bg5 Nf8 18.Be3 Qc7 19.dxe5 dxe5 20.c4 bxa4 21.c5 Ne6 22.Qxa4 Nd7
23.Qa5 Qxa5 24.Rxa5 Bf6 25.b4 Bd8 26.Ra3 a5 27.Rea1 Bc7 28.bxa5 Ba6 29.Rc1 Red8
30.Ne1 Bxd3 31.Nxd3 Rxa5 32.Rxa5  1/2-1/2